000 01889nam a2200517 i 4500
001 52644
003 KOSZ 005
005 20210913094722.0
008 070314s2006 pl a f f |001 0 pol
015 _aUWD 2007/6474
020 _a8321344348
035 _a991032883979705066
035 _a(PL-WaBN)b18816149-48omnis_nlop
035 _ab18816149
035 _a(OCoLC)749626192
035 _azz2006793830
035 _a(PL)b0000001881614
035 _a(EXLNZ-48OMNIS_NETWORK)9910296543005606
040 _aWA N
_cWA N
_dKOSZ 005/HR
041 1 _apol
_heng
046 _k2006
080 _a738
080 _a666.1/.2
080 _a745/749
080 _a(07)
100 1 _aMattison, Steve
_eAutor
245 1 0 _aPodręcznik ceramika :
_bobszerne informacje na temat narzędzi, materiałów i technik /
_cSteve Mattison ; [tł. Krzysztof Wojciechowski].
246 1 _iTyt. oryg.:
_aComplete potter :
_bthe complete reference to tools, materials, and techniques for all potters and ceramicists
260 _aWarszawa :
_bWydawnictwo Arkady,
_ccop. 2006.
300 _a224 s. :
_bil. kolor. ;
_c27 cm.
336 _aTekst
_btxt
_2rdacontent
337 _aBez urządzenia pośredniczącego
_bn
_2rdamedia
338 _aWolumin
_bnc
_2rdacarrier
380 _aKsiążki
388 _a2001-
500 _aTyt. oryg.: "The complete potter : the complete reference to tools, materials, and techniques for all potters and ceramicists" 2003.
504 _aIndeks.
650 7 _aCeramika artystyczna
_2DBN
655 7 _aPodręcznik
658 _aKultura i sztuka
710 2 _aWydawnictwo Arkady
_4pbl
700 1 _aWojciechowski, Krzysztof
_d(1947-2020)
_eTłumaczenie
856 _uhttp://koha.tu.koszalin.pl/cgi-bin/koha/opac-detail.pl?biblionumber=52644
_yKatalog onlinewe BPK
942 _2UKD
_cKS
999 _c52644
_d52644